[Event "Condom op-B"]
[Site "Condom"]
[Date "2009.07.14"]
[Round "5"]
[White "Albareil, Raymond"]
[Black "Boutillon, Nathanael"]
[Result "1-0"]
[WhiteElo "1555"]
[BlackElo "1620"]
[PlyCount "57"]
[EventDate "2009.07.11"]
[EventType "swiss"]
[EventRounds "9"]
[EventCountry "FRA"]
[SourceTitle "CBM 131 Extra"]
[Source "ChessBase"]
[SourceDate "2009.09.03"]
[SourceVersion "2"]
[SourceVersionDate "2009.09.16"]
[SourceQuality "1"]

1. e4 e5 2. Nf3 Nc6 3. Bb5 a6 4. Ba4 Nf6 5. 0-0 b5 6. Bb3 Bc5 7. Nxe5 Nxe5 8. d4 Bb6 9. dxe5 Nxe4 10. Qd5 Qh4 11. Qxf7+ Kd8 12. Qf4 Qxf4 13. Bxf4 Rf8 14. g3 Bb7 15. Nd2 Nxf2 16. Rxf2 Bxf2+ 17. Kxf2 g5 18. Ke3 gxf4+ 19. gxf4 c5 20. c3 Kc7 21. Rg1 Rg8 22. Bxg8 Rxg8 23. Rxg8 Bd5 24. Rg7 Bxa2 25. b3 c4 26. bxc4 bxc4 27. Kd4 a5 28. Nxc4 a4 29. Rxh7 1-0

[Event "Mont de Marsan-ch"]
[Site "Mont de Marsan"]
[Date "2008.??.??"]
[Round "?"]
[White "Albareil, Raymond"]
[Black "Lafond, Olivier"]
[Result "0-1"]
[WhiteElo "1630"]
[BlackElo "1890"]
[PlyCount "88"]
[EventDate "2008.??.??"]
[EventType "tourn"]
[EventRounds "9"]
[EventCountry "FRA"]
[SourceTitle "EXT 2010"]
[Source "ChessBase"]
[SourceDate "2010.11.25"]
[SourceVersion "1"]
[SourceVersionDate "2010.11.25"]
[SourceQuality "1"]

1. e4 e5 2. Nf3 Nc6 3. Bb5 a6 4. Ba4 Nf6 5. 0-0 b5 6. Bb3 Be7 7. Qe2 0-0 8. Bd5 Nxd5 9. exd5 Nd4 10. Nxd4 exd4 11. d3 c5 12. Re1 Bf6 13. Bf4 d6 14. Nd2 Bf5 15. g4 Bg6 16. Nf3 h6 17. Qd2 Qd7 18. h3 Rfd8 19. Kg2 Qb7 20. g5 hxg5 21. Bxg5 Qxd5 22. Bxf6 gxf6 23. Qf4 Kg7 24. Kf1 Re8 25. Qg4 Rac8 26. b3 a5 27. Qg2 a4 28. Nd2 Qg5 29. f3 d5 30. Qxg5 fxg5 31. Rxe8 Rxe8 32. Re1 Rxe1+ 33. Kxe1 Kf6 34. Kf2 Kf5 35. Kg3 Bh5 36. Nb1 axb3 37. axb3 b4 38. Nd2 Ke5 39. h4 gxh4+ 40. Kxh4 Bg6 41. Kg3 f6 42. f4+ Kf5 43. Nf3 Bh5 44. Ne1 Bd1 0-1

[Event "Mont de Marsan op 6th"]
[Site "Mont de Marsan"]
[Date "2006.12.29"]
[Round "8"]
[White "Laporte, Pierre"]
[Black "Albareil, Raymond"]
[Result "1-0"]
[WhiteElo "1867"]
[BlackElo "1240"]
[PlyCount "48"]
[EventDate "2006.12.26"]
[EventType "swiss"]
[EventRounds "9"]
[EventCountry "FRA"]
[SourceTitle "CBM 116 Extra"]
[Source "ChessBase"]
[SourceDate "2007.03.07"]
[SourceVersion "1"]
[SourceVersionDate "2007.03.07"]
[SourceQuality "1"]

1. e4 c5 2. Nf3 d6 3. Bb5+ Bd7 4. Bxd7+ Nxd7 5. 0-0 g6 6. c3 Bg7 7. d4 Qb6 8. d5 e6 9. Re1 e5 10. a4 Ke7 11. Na3 a5 12. Nd2 Qd8 13. Nb5 Ngf6 14. Nc4 Ne8 15. f4 exf4 16. Bxf4 Ne5 17. Nxe5 Bxe5 18. Qg4 Bxf4 19. Qxf4 Qd7 20. e5 Kd8 21. exd6 Qf5 22. Qe3 Qxd5 23. Rad1 Qc6 24. Qe7+ Kc8 1-0